Economics: Private and Public Choice. (Record no. 396)

MARC details
005 - DATE AND TIME OF LATEST TRANSACTION
control field 20250620150757.0
020 ## - INTERNATIONAL STANDARD BOOK NUMBER
International Standard Book Number 0-15-518887-9
082 ## - DEWEY DECIMAL CLASSIFICATION NUMBER
Classification number 330 GWA
100 ## - MAIN ENTRY--PERSONAL NAME
Author name GWARTNEY, J. D.
245 ## - TITLE STATEMENT
Title Economics: Private and Public Choice.
250 ## - EDITION STATEMENT
Edition statement 5th Ed.
260 ## - PUBLICATION, DISTRIBUTION, ETC.
Place of publication, distribution, etc. Harcourt Brace Jovanovich,
Name of publisher, distributor, etc. New York,
Date of publication, distribution, etc. 1990.
300 ## - PHYSICAL DESCRIPTION
Extent xxx, 930p.: ill.; graph, figure, table
Other physical details Glossary & Index
Dimensions 25cm
700 ## - ADDED ENTRY--PERSONAL NAME
Other authors/Editors STROUP, R. L. [...et al...]
942 ## - ADDED ENTRY ELEMENTS (KOHA)
Source of classification or shelving scheme Dewey Decimal Classification
Koha item type Books
Holdings
Date last seen Total checkouts Full call number Barcode Cost, replacement price Price effective from Koha item type Lost status Source of classification or shelving scheme Damaged status Not for loan Withdrawn status Home library Current library Shelving location Date acquired Cost, normal purchase price
03/11/2025   330 GWA 0000001295 90000.00 03/11/2025 Books   Dewey Decimal Classification       College of Business Education Main Library College of Business Education Main Library General Collection 03/11/2025 30000.00